000 00767nam a2200241Ia 4500
001 9994
003 GE_BSU
008 181216s||||||||xx |||||||||||||| ||und||
040 _cGE_BSU
080 _a821.353.1–13
100 _aრუსთაველი,შოთა
245 _aვეფხისტყაოსანი
245 _bპოემა
245 _cს.კაკაბაძის რედ.:გამოკვლევა,ტექსტი,ლექსიკონი
260 _a?
260 _b?
260 _c?
300 _a216გვ.26სმ.
300 _bილუსტრაციები(დამატება) XXXV
653 _aვეფხისტყაოსანი
653 _aპოემა
942 _cBK
999 _c43267
_d43267